00329nam a2200121Ia 4500008004100000041000800041082001500049100002900064245004500093260002700138300003100165365001100196240624s9999 xx 000 0 und d aeng a005.54 FAI aFAIRHURST DANIELLE STEIN aUSING EXCEL FOR BUSINESS ANALYSIS A GUID c2012aNew DelhibWiley axii, : 324 : p. : cm. ; 23 cRSb31